000 00376nam a2200157 i 4500
001 bg
100 1 _aMAZUREK, J.
245 0 _aPodstawy automatyki /
_cJ. Mazurek, H. Vogt, H. Żydanowicz.
260 _aWarszawa,
_c1983.
700 1 _aVOGT, H.
700 1 _aŻYDANOWICZ, H.
040 _cBPK
041 _apol
942 _cKS
008 s pl f |000 0 pol
999 _c22153
_d22153
856 _uhttp://koha.tu.koszalin.pl/cgi-bin/koha/opac-detail.pl?biblionumber=22153
_yKatalog online BPK